00458nam a22001337a 4500082000800000100005400008245008300062260003800145300002000183563000800203650003600211700002000247856005700267 a005 aAamer, Osama ; Fatima, Eman ; Khalid, Taimoor Bin aPeekafood:bMenu Assistant /cOsama Aamer ; Eman Fatima ; Taimoor Bin Khalid aIslamabad :bSEECS - NUST,c2018. a107 p. ;c30cm. aHBK aComputer Science-Project Report aDr. Osman Hasan uhttp://10.250.8.41:8080/xmlui/handle/123456789/25101